Sur les valeurs extrémales du module de la dérivée des fonctions univalentes bornées /
Guardado en:
| Autor Principal: | |
|---|---|
| Formato: | Libro |
| Idioma: | French |
| Publicado: |
Lód'z :
Panstwowe Wydawnictwo Naukowe,
1958.
|
| Series: | Lódzkie Towarzystwo Naukowe. Prace Wydzialu III ;
Nr. 53 |
| Etiquetas: |
Agregar Etiqueta
Sin Etiquetas, Sea el primero en etiquetar este registro!
|
| LEADER | 00601nam a22001695a 4500 | ||
|---|---|---|---|
| 001 | MAT.inmabb001491 | ||
| 008 | 031124s1958####pl############000#0#fre#d | ||
| 005 | 20170816153958.0 | ||
| 245 | 1 | 0 | |a Sur les valeurs extrémales du module de la dérivée des fonctions univalentes bornées / |c Witold Janowski. |
| 260 | |a Lód'z : |b Panstwowe Wydawnictwo Naukowe, |c 1958. | ||
| 300 | |a 47 p. ; |c 25 cm. | ||
| 440 | 0 | |a Lódzkie Towarzystwo Naukowe. |p Prace Wydzialu III ; |v Nr. 53 | |
| 510 | 4 | |a MR, |c 26 #311 | |
| 100 | 1 | |a Janowski, Witold. | |
| 084 | |a 30.42 |2 MR | ||
| 010 | |a 64053784 | ||
| 859 | |h 30 |i J34 |p A-1807 |b BIB. MATEMATICA | ||
